Welcome to CU Library Online Public Access Catalogue (OPAC)

Major Principles of Media Law / (Record no. 1032)

MARC details
000 -LEADER
fixed length control field 00600nam a22001697a 4500
005 - DATE AND TIME OF LATEST TRANSACTION
control field 20241111190846.0
008 - FIXED-LENGTH DATA ELEMENTS--GENERAL INFORMATION
fixed length control field 241111b |||||||| |||| 00| 0 eng d
020 ## - INTERNATIONAL STANDARD BOOK NUMBER
International Standard Book Number 9781133307327
050 ## - LIBRARY OF CONGRESS CALL NUMBER
Classification number KF2750
Item number .B41 2014
245 ## - TITLE STATEMENT
Title Major Principles of Media Law /
Statement of responsibility, etc. Genelle Belmas; Wayne Overbeck
250 ## - EDITION STATEMENT
Edition statement 2014 Ed.
260 ## - PUBLICATION, DISTRIBUTION, ETC.
Place of publication, distribution, etc. USA
Name of publisher, distributor, etc. Cengage Learning
Date of publication, distribution, etc. c2014
300 ## - PHYSICAL DESCRIPTION
Extent xix, 652 pages
Dimensions 23cm
700 ## - ADDED ENTRY--PERSONAL NAME
Personal name Genelle Belmas
Titles and other words associated with a name (California State University, Fullerton)
700 ## - ADDED ENTRY--PERSONAL NAME
Personal name Wayne Overbeck
Titles and other words associated with a name (California State University, Fullerton) Member of the California Bar
942 ## - ADDED ENTRY ELEMENTS (KOHA)
Source of classification or shelving scheme Library of Congress Classification
Koha item type Books
Edition 2014 Ed.
Suppress in OPAC No
999 ## -
-- 1032
-- 1032
Holdings
Withdrawn status Lost status Source of classification or shelving scheme Damaged status Not for loan Collection Home library Current library Shelving location Date acquired Total checkouts Full call number Barcode Date last seen Copy number Price effective from Koha item type
    Library of Congress Classification     Non-fiction Law Library (Christ Temple) Law Library (Christ Temple) General stacks 01/28/2025   KF2756.B41 BEL LLCT00000330 01/28/2025 2 01/28/2025 Books
    Library of Congress Classification     Non-fiction Law Library (Christ Temple) Law Library (Christ Temple) General stacks 01/28/2025   KF2756.B41 BEL LLCT00000331 01/28/2025 3 01/28/2025 Books
    Library of Congress Classification     Non-fiction Law Library (Miotso) Law Library (Miotso) General stacks 11/11/2024   KF2756.B41 BEL llm00000836 11/11/2024 1 11/11/2024 Books
© 2023-2024 Copyright: Central University Libraries. All Rights Reserved | Created by: Mahone Tech Office